000 00502cam a22001577a 4500
008 180718b xxu||||| |||| 00| 0 eng d
082 _aPROJ.REP./1996 SHA
100 _aSharma, Vinod K.
245 _aFloods and its implications in the state of Bihar
_cby Vinod K. Sharma and Tanu Priya
260 _aNew Delhi
_bIndian Institute of Public Administration
_c
300 _a86+p.
440 _aIIPA Working Paper, 1996: 7
650 _aDisaster
650 _aFlood - India - Bihar
700 _aPriya, Tanu
999 _c492292
_d492292